000 00670nam a2200181Ia 4500
003 GCL
008 140319s9999 xx 000 0 ara d
020 _a0905406977
040 _aGCL /
_cGCL
082 0 4 _a809
_bك ق
100 1 _aكلر، تودروف كنت بينيت
245 1 0 _aالقصة الرواية المؤلف :
_bدراسات فى نظرية الانواع الادبية المعاصرة /
_cكلر، تودروف كنت بينيت
260 _aالقاهرة :
_bدار شرقيات للنشر ،
_c1991
300 _a242 ص ؛
_c24 سم
650 0 4 _aالحبكة الروائية
650 0 4 _aالقصة - تاريخ ونقد
942 _2ddc
_cBK
999 _c4298
_d4298